|
|
|
|
| LEADER |
00000nam2a2200000 4500 |
| 001 |
166081 |
| 005 |
20231101222611.0 |
| 010 |
|
|
|a 5984570718
|
| 035 |
|
|
|a (RuTPU)RU\TPU\book\180157
|
| 035 |
|
|
|a RU\TPU\book\159661
|
| 090 |
|
|
|a 166081
|
| 100 |
|
|
|a 20090924d2008 k y0rusy50 ca
|
| 101 |
0 |
|
|a rus
|
| 102 |
|
|
|a RU
|
| 105 |
|
|
|a a z 001zy
|
| 200 |
0 |
|
|a Т. 1
|
| 210 |
|
|
|d 2010
|
| 215 |
|
|
|a 678 с.
|c ил.
|
| 320 |
|
|
|a Библиография в конце глав.
|
| 330 |
|
|
|a Монография связана с современными, весьма актуальными проблемами совершенствования и повышения эффективности энерготехнологий и производств. На современном уровне эти проблемы подкрепляются развитием теоретических представлений и методов математического моделирования. В томе 1 на фоне совершенствования теоретических основ энерготехнологий XX века рассмотрены основные положения интегрированного энерго-экологического анализа, как современного инструмента предпроектных исследований технологий и процессов и оценки их энерго-экологоэффективности. Приведены методики сквозного энергетического и энерго-экологического анализа, рассмотрена теория тепломассообменных эффективностей, представлено развитие теории факельных процессов и отражены современные методы математического моделирования. Представлена методология энерготехнологической электромагнитной совместимости. В рамках обобщенного термодинамического подхода рассмотрена модель производственного процесса. Приведены данные о детерминированном адаптивном регуляторе. Во 2-м томе монографии будут рассматриваться примеры совершенствования и повышения эффективности тепловых процессов в плавильных нагревательных и термических печах и энергетических установках с использованием представленных теоретических положений. Все материалы монографии являются оригинальными, в большей части в авторской разработке. Монография предназначена для проектных, исследовательских организаций и предприятий в области энерготехнологий. Полезна студентам и аспирантам вузов.
|
| 461 |
|
1 |
|0 (RuTPU)RU\TPU\book\181939
|y 5-98457-071-8
|t Совершенствование и повышение эффективности энерготехнологий и производств (интегрированный энерго-экологический анализ: теория и практика)
|o в 2 томах
|f В. Г. Лисиенко
|v Т. 1
|d 2010
|
| 606 |
1 |
|
|a Энергетика
|x Влияние на окружающую среду
|2 stltpush
|3 (RuTPU)RU\TPU\subj\21202
|9 46226
|
| 606 |
1 |
|
|a Теплоэнергетика
|x Металлургия
|2 stltpush
|3 (RuTPU)RU\TPU\subj\59825
|9 77322
|
| 610 |
1 |
|
|a энерготехнология
|
| 610 |
1 |
|
|a экология
|
| 610 |
1 |
|
|a энергоэффективные технологии
|
| 610 |
1 |
|
|a печи
|
| 610 |
1 |
|
|a энергоемкость
|
| 610 |
1 |
|
|a энерго-экологический анализ
|
| 610 |
1 |
|
|a тепломассообменные процессы
|
| 610 |
1 |
|
|a факельные процессы
|
| 610 |
1 |
|
|a факелы
|
| 610 |
1 |
|
|a математическое моделирование
|
| 610 |
1 |
|
|a электромагнитная совместимость
|
| 610 |
1 |
|
|a детерминированные регуляторы
|
| 675 |
|
|
|a 620.9:628
|v 3
|
| 675 |
|
|
|a 669.04
|v 3
|
| 801 |
|
1 |
|a RU
|b 63413507
|c 20081112
|g PSBO
|
| 801 |
|
2 |
|a RU
|b 63413507
|c 20201008
|g PSBO
|
| 942 |
|
|
|c BK
|